000 00571nam a22001937a 4500
003 DO-SdBNP
005 20171205090343.0
008 171121b 1988|| |||| 00| 0 spa d
040 _aBPMSU
_bspa
_cBPMSU
082 _axxxxxx
_bxxxxxx
100 1 _aDurán, Alexis
245 1 _aA punto y seguido /
_cAlexis Durán ; prólogo Alberto Luberta
260 _aLa Habana :
_bOriente,
_c1988.
300 _a168 p. :
_bil. ;
_c19 cm.
700 1 _aLuberta, Alberto,
_epról.
942 _2ddc
_cBK
945 _aInventariado extranjero / 2017 VM
956 _aBTAVAREZ
_b10
_c20171121
_d0038
999 _c12996
_d12996